000 00750nam a2200205 i 4500
001 181986
003 ES-MaACL
005 20240518063046.0
008 130520q18401899fr |||| | fre d
100 0 _aFéval, Paul,
_d1816-1887
_950646
245 1 3 _aLe fils du diable /
_cPaul Feval ; [suivi de : Pampette /par Pierre Zaccone].
260 _a[S.l. :
_bs.n.,
_c18-?] (
_fImpr. de Bry)
300 _a288 p. :
_bil. ;
_c30 cm.
594 _aDatos tomados de la primera página del texto.
596 _aProbablemente impreso en la segunda mitad del siglo XIX.
700 1 _aZaccone, Pierre.
_9134006
740 0 _aPampette.
852 _aES-MaACL
_jR-1706(8)
_q.- Ejemp. sin portada en un vol. facticio
999 _c181986
_d181986